000 02362cam a22005414i 4500
003 PE-LiUPU
005 20250731180153.0
008 150706s r 000 0 d
035 _a(Sirsi) a53126
040 _aPE-LiUPU
_bspa
_cPE-LiUPU
_erda
049 _aPRUA
082 0 4 _a530.01282
_bN94
_221
100 1 _aNuñez, Emil,
_eautor.
245 1 4 _aLos 10 sentidos de la mente y de la materia /
_cEmil Núñez.
264 1 _a[Lima] :
_b[Emil Núñez],
_c[2013].
300 _a211 páginas :
_bilustraciones ;
_c20 cm.
336 _atext
_2rdacontent
337 _aunmediated
_2rdamedia
338 _avolume
_2rdacarrier
505 0 _aSentidos orientados o conjuntos fundamentales: El estado fluido -- el sentido geométrico o de bloque -- El sentido de la organización -- El sentido de la disipación -- El sentido de la relación. Sentidos de trabajo latente: El sentido sólido o de congelación -- El sentido simétrico -- El sentido de la presición del orden de los eventos o de los resultados particulares -- El sentido de la unidad y de la totalidad o de lo completo.
526 _aSEG44
526 _aSEG26
526 _aP159
526 _aP155
526 _aP154
526 _aP153
526 _aP150
526 _aP100
526 _aP31
526 _aP30
526 _aP26
526 _aP25
526 _aP24
526 _aP22
526 _aP15
526 _aP10
650 0 4 _aFísica
_xProcesos cognitivos.
910 _agl20130918
942 _2ddc
_cBOOK
949 _a530.01282 N94
_wDEWEY
_c1
_i68418
_lCCODEBUL1
_mBUL
_p15.00
_r0
_sY
_tLIBRO
_u2015-07-06
_xBIBLIOTECA
_zUNKNOWN
_o.STAFF. Colección General
949 _a530.01282 N94
_wDEWEY
_c2
_i68419
_lCCODEBUL1
_mBUL
_p15.00
_r0
_sY
_tLIBRO
_u2015-07-06
_xBIBLIOTECA
_zUNKNOWN
_o.STAFF. Colección General
994 _aC0
_bPEPRU
596 _a1
999 _a530.01282 N94
_wDEWEY
_c55807
_i68418
_lLOST
_mBUL
_p15.00
_r1
_sY
_tBOOK
_u2015-7-6
_xBIBLIOTECA
_zUNKNOWN
_o.STAFF. Colección General
_d55807
999 _a530.01282 N94
_wDEWEY
_c2
_i68419
_d2015-8-11
_e2015-8-5
_f2021-11-8
_g5
_lCCODEBUL1
_mBUL
_n1
_p15.00
_r0
_sY
_tBOOK
_u2015-7-6
_xEDUCACION
_zUNKNOWN
_0COMPRA
_o.STAFF. Colección General
980 _81
_gALBERTO SANCHEZ Responsable de Automatización